[Event "Saratov Rating 10"]
[Site "Saratov"]
[Date "2008.10.29"]
[Round "4"]
[White "Poleschikov, Alexey"]
[Black "Dzivodov, Gennadij"]
[Result "1/2-1/2"]
[WhiteElo "1992"]
[BlackElo "2249"]
[PlyCount "83"]
[EventDate "2008.10.23"]
[EventType "tourn"]
[EventRounds "11"]
[EventCountry "RUS"]
[SourceTitle "EXT 2022"]
[Source "ChessBase"]
[SourceDate "2021.10.06"]
[SourceVersion "1"]
[SourceVersionDate "2021.10.06"]
[SourceQuality "1"]

1. d4 Nf6 2. Nf3 g6 3. c4 c5 4. Nc3 Bg7 5. e3 0-0 6. Be2 d6 7. 0-0 Nc6 8. d5 Ne5 9. Nxe5 dxe5 10. e4 Ne8 11. Be3 b6 12. a3 a5 13. b4 f5 14. f3 axb4 15. axb4 Rxa1 16. Qxa1 cxb4 17. Na4 fxe4 18. Bxb6 Qd7 19. fxe4 Rxf1+ 20. Kxf1 Qb7 21. c5 Nf6 22. Qb1 e6 23. Qxb4 exd5 24. exd5 Nxd5 25. Qb3 Be6 26. Qf3 Qd7 27. Nc3 Nxc3 28. Qxc3 e4 29. Qg3 Bd4 30. Qb8+ Kg7 31. Qa7 Qxa7 32. Bxa7 Kf6 33. Ba6 Ke7 34. h3 Bd5 35. c6 Bxa7 36. c7 Be6 37. c8Q Bxc8 38. Bxc8 Kf6 39. Bb7 Ke5 40. Bc6 Kf4 41. Bb7 g5 42. Bc6 1/2-1/2

[Event "Saratov Rating 10"]
[Site "Saratov"]
[Date "2008.10.23"]
[Round "1"]
[White "Poleschikov, Alexey"]
[Black "Korchmar, Vasiliy"]
[Result "0-1"]
[WhiteElo "1992"]
[BlackElo "2078"]
[PlyCount "42"]
[EventDate "2008.10.23"]
[EventType "tourn"]
[EventRounds "11"]
[EventCountry "RUS"]
[SourceTitle "EXT 2022"]
[Source "ChessBase"]
[SourceDate "2021.10.06"]
[SourceVersion "1"]
[SourceVersionDate "2021.10.06"]
[SourceQuality "1"]

1. d4 d5 2. Nf3 c6 3. e3 Bf5 4. c4 e6 5. Nc3 Nf6 6. cxd5 exd5 7. Bd3 Bxd3 8. Qxd3 Bd6 9. 0-0 0-0 10. Re1 Nbd7 11. e4 dxe4 12. Nxe4 Nxe4 13. Rxe4 Nc5 14. Qc2 Nxe4 15. Qxe4 Qf6 16. Ne5 Rfe8 17. f4 Bxe5 18. dxe5 Qe6 19. Be3 Rad8 20. Bxa7 f6 21. Bd4 Qc4 0-1

[Event "Saratov SGSEU-ch op"]
[Site "Saratov"]
[Date "2008.09.25"]
[Round "8"]
[White "Poleschikov, Alexey"]
[Black "Fedorova, Tatiana"]
[Result "1-0"]
[WhiteElo "2004"]
[BlackElo "2009"]
[PlyCount "59"]
[EventDate "2008.09.10"]
[EventType "swiss"]
[EventRounds "9"]
[EventCountry "RUS"]
[SourceTitle "EXT 2022"]
[Source "ChessBase"]
[SourceDate "2021.10.06"]
[SourceVersion "1"]
[SourceVersionDate "2021.10.06"]
[SourceQuality "1"]

1. d4 d5 2. Nf3 Nf6 3. c4 e6 4. Nc3 a6 5. cxd5 exd5 6. Qc2 Be7 7. h3 0-0 8. Bf4 c6 9. e3 Be6 10. Bd3 Nbd7 11. Ng5 h6 12. Nxe6 fxe6 13. Bg6 Kh8 14. 0-0 Ng8 15. Ne2 Ndf6 16. Be5 Bd6 17. Nf4 Qd7 18. Be8 Qxe8 19. Ng6+ Kh7 20. Nxf8+ Kh8 21. Ng6+ Kh7 22. Nf8+ Kh8 23. Bxd6 g5 24. Ng6+ Kg7 25. Ne5 Ne4 26. Ba3 h5 27. Kh2 g4 28. Qe2 Ngf6 29. h4 Kh8 30. g3 1-0

[Event "Saratov SGSEU-ch op"]
[Site "Saratov"]
[Date "2008.09.13"]
[Round "4"]
[White "Poleschikov, Alexey"]
[Black "Avdeeva, Veronika"]
[Result "1/2-1/2"]
[WhiteElo "2004"]
[BlackElo "2102"]
[PlyCount "96"]
[EventDate "2008.09.10"]
[EventType "swiss"]
[EventRounds "9"]
[EventCountry "RUS"]
[SourceTitle "EXT 2022"]
[Source "ChessBase"]
[SourceDate "2021.10.06"]
[SourceVersion "1"]
[SourceVersionDate "2021.10.06"]
[SourceQuality "1"]

1. d4 d5 2. Nf3 Nf6 3. c4 c6 4. e3 g6 5. Nc3 Bg7 6. Be2 0-0 7. 0-0 a6 8. cxd5 cxd5 9. Ne5 Nc6 10. Nxc6 bxc6 11. Na4 Nd7 12. Qc2 Qc7 13. f4 f6 14. b3 e5 15. fxe5 fxe5 16. Rxf8+ Nxf8 17. Bb2 Bf5 18. Bd3 Bxd3 19. Qxd3 Ne6 20. Rc1 exd4 21. Bxd4 Bxd4 22. exd4 Qf4 23. Rd1 Rf8 24. Qd2 Qxd2 25. Rxd2 Rf4 26. Nc5 Rxd4 27. Rxd4 Nxd4 28. Nxa6 Kf7 29. Kf2 Ke6 30. Nb4 c5 31. Nd3 c4 32. bxc4 dxc4 33. Nb4 Kd6 34. Ke3 Nf5+ 35. Ke4 Kc5 36. Nc2 Nh6 37. h3 Nf7 38. Ke3 Ne5 39. Ke4 Nd3 40. h4 Nc1 41. a3 Ne2 42. g4 h5 43. gxh5 gxh5 44. Ne3 Ng3+ 45. Kf3 Kd4 46. Nxc4 Nf5 47. Kf4 Nxh4 48. Kg5 Kxc4 1/2-1/2